Statistics for All Man City players who played in the Premier League under Guardiola

Click here to take the quiz!

General Stats

  • This quiz has been taken 72 times
  • The average score is 36 of 57

Answer Stats

PositionPlayer% Correct
GKEderson Moraes
100%
CAMBernardo Silva
97%
CAMDavid Silva
97%
CAMKevin De Bruyne
97%
CM/LWPhil Foden
95%
CFSergio Aguero
95%
CMIlkay Gundogan
93%
LW/RWRaheem Sterling
92%
RB/LBJoao Cancelo
90%
RBKyle Walker
90%
CDMRodri
90%
CDMFernandinho
89%
CBJohn Stones
89%
RWRiyad Mahrez
89%
LWJack Grealish
87%
CBRuben Dias
85%
CBVincent Kompany
85%
GKClaudio Bravo
84%
CFErling Haaland
84%
CBNathan Ake
84%
LB/CMOleksandr Zinchenko
82%
CBAymeric Laporte
80%
CFGabriel Jesus
79%
LWLeroy Sane
75%
CFJulian Alvarez
74%
LBGael Clichy
72%
CBManuel Akanji
70%
LBBenjamin Mendy
69%
CBNicolas Otamendi
69%
CAMCole Palmer
66%
CDMKalvin Phillips
61%
CMYaya Toure
61%
RBBacary Sagna
59%
RBPablo Zabaleta
59%
LBAleksandar Kolarov
56%
CM/LBFabian Delph
56%
CDMFernando
56%
RB/RMJesus Navas
56%
RBRico Lewis
52%
CAMSamir Nasri
49%
GKWilly Caballero
49%
LW/RWFerran Torres
48%
LBSergio Gomez
48%
CMAleix Garcia
43%
CBEliaquim Mangala
43%
RBDanilo
41%
CBEric Garcia
41%
LWNolito
34%
CFKelechi Iheanacho
28%
LBAngelino
23%
CAMBrahim Diaz
23%
CAMJames McAtee
23%
CFLiam Delap
21%
CMTommy Doyle
13%
RWKayky
11%
CFLukas Nmecha
7%
CBCJ Egan-Riley
2%

Score Distribution

Percentile by Number Answered

Percent of People with Each Score

Your Score History

You have not taken this quiz